000 00897cas a2200241 a 4500
999 _c20188
_d20188
005 20180516102759.0
008 080320c20079999fluar psq 0 a0eng c
022 0 _a1942-1362
040 _aCO-BoIAVH
_cCO-BoIAVH
041 0 _aeng
_afre
_ager
_aita
_apor
_aspa
_beng
044 _axxu
245 1 0 _aInsecta mundi
246 1 _aInsecta mundi collected papers for ...
260 _aGainesville, FL (EE.UU.) :
_bCenter for Systematic Entomology, Inc.,
_c1985-.
300 _bilustraciones y mapas ;
_c28 cm.
310 _au
650 2 6 _aInsecta
_xClasificación
_vPublicaciones periódicas
650 2 6 _aInsecta
_xTaxonomía
_vPublicaciones periódicas
650 2 6 _aEntomología
_vPublicaciones periódicas
710 2 _aCenter for Systematic Entomology
776 0 8 _iPrint version:
_tInsecta mundi
_x0749-6737
_w(DLC)sn 84007089
_w(OCoLC)11166350
942 _2z
_cREVISTA